00515cam a2200193 a 45000010009000000050017000090080041000260100017000670200025000840200022001090400013001310410008001440800008001520820012001601000007001721010008001792450083001875040051002701528762720171226035448.0080503s2008 maua b 001 0 eng  a 2007905817 a9780312464394 (pbk.) a0312464398 (pbk.) aDLCcDLC aeng a371 2371 LUN a46 aEDU04aThe presence of others :c[edited by] Andrea A. Lunsford, John J. Ruszkiewicz. aIncludes bibliographical references and index.